000 00336nam a22001217a 4500
082 _a633.18 PAS/IN
100 _aI C Pasalu
_aGururaj Katti
245 _aIntegrated Pest Management In Rainfed Rice Production Systems
260 _aHyderabad
_bICAR
_c2005
300 _a47
650 _ainsect pests
_aimplimentation of IPM
942 _cREF
999 _c299088
_d299088